My Tenders (Record no. 120388)
[ view plain ]
| 000 -LEADER | |
|---|---|
| fixed length control field | 00919cam a2200205 4500 |
| 001 - CONTROL NUMBER | |
| control field | WS124797 |
| 008 - FIXED-LENGTH DATA ELEMENTS--GENERAL INFORMATION | |
| fixed length control field | 040109n 000 0 eng u |
| 035 ## - SYSTEM CONTROL NUMBER | |
| System control number | (Sirsi) u124797 |
| 110 ## - MAIN ENTRY--CORPORATE NAME | |
| Corporate name or jurisdiction name as entry element | Millstream Associates Limited |
| 9 (RLIN) | 4575 |
| 245 ## - TITLE STATEMENT | |
| Title | My Tenders |
| 520 ## - SUMMARY, ETC. | |
| Summary, etc. | Web site for this official gateway to EUR-OP, the Office for Official Publications of the European Commission, for the publication on tender notices in the Official Journal. Also provides services and support for any organisation wanting to publish a tender or request for quotation (RFQ). provides links to the standard forms for submitting tenders and news articles. |
| 650 ## - SUBJECT ADDED ENTRY--TOPICAL TERM | |
| Topical term or geographic name entry element | TENDERS |
| 650 ## - SUBJECT ADDED ENTRY--TOPICAL TERM | |
| Topical term or geographic name entry element | REQUEST FOR QUOTATION |
| 650 ## - SUBJECT ADDED ENTRY--TOPICAL TERM | |
| Topical term or geographic name entry element | OFFICIAL JOURNAL |
| 650 ## - SUBJECT ADDED ENTRY--TOPICAL TERM | |
| Topical term or geographic name entry element | STANDARD FORMS |
| 650 ## - SUBJECT ADDED ENTRY--TOPICAL TERM | |
| Topical term or geographic name entry element | INTERNATIONAL |
| 690 ## - LOCAL SUBJECT ADDED ENTRY--TOPICAL TERM (OCLC, RLIN) | |
| Topical term or geographic name as entry element | EUROPE |
| 856 40 - ELECTRONIC LOCATION AND ACCESS | |
| Uniform Resource Identifier | <a href="https://www.mytenders.com">https://www.mytenders.com</a> |
| Public note | View the website free of charge at www.mytenders.com... |
| 942 ## - ADDED ENTRY ELEMENTS (KOHA) | |
| Suppress in OPAC | 0 |
| Withdrawn status | Lost status | Source of classification or shelving scheme | Damaged status | Not for loan | Home library | Current library | Shelving location | Date acquired | Total Checkouts | Full call number | Barcode | Date last seen | Copy number | Price effective from | Koha item type |
|---|---|---|---|---|---|---|---|---|---|---|---|---|---|---|---|
| Dewey Decimal Classification | Virtual | Virtual | Online | 09/01/2004 | WEB SITE | 124797-1001 | 06/08/2019 | 1 | 06/08/2019 | Online material |